000 00716nam a2200253Ia 4500
003 OSt
005 20221005120026.0
006 a|||||r|||| 00| 0
007 ta
008 221004b |||||||| |||| 00| 0 eng d
024 _a68753
037 _cTextual
040 _aCRL
_cCRL
_beng
041 _2eng
_aeng
082 _aY:1.1'N9, N2
100 _aStehr Nico
_9291656
245 0 _aCulture and power of knowledge
_b Inquiries into contemporary societies Berlin, Walter de Gruyter
260 _c1992
300 _a397p.
_ccm.
650 _aSOCIOLOGY
700 _a Ericson Richard V
_9628393
942 _hY:1.1'N9, N2
_cTEXL
_2cc
999 _c1036605
_d1036605